<?xml version="1.0" encoding="UTF-8"?><?xml-stylesheet type="text/xsl" href="static/style.xsl"?><OAI-PMH xmlns="http://www.openarchives.org/OAI/2.0/" xmlns:xsi="http://www.w3.org/2001/XMLSchema-instance" xsi:schemaLocation="http://www.openarchives.org/OAI/2.0/ http://www.openarchives.org/OAI/2.0/OAI-PMH.xsd"><responseDate>2026-04-28T19:44:59Z</responseDate><request verb="GetRecord" identifier="oai:uvadoc.uva.es:10324/55936" metadataPrefix="marc">https://uvadoc.uva.es/oai/request</request><GetRecord><record><header><identifier>oai:uvadoc.uva.es:10324/55936</identifier><datestamp>2022-10-13T07:54:03Z</datestamp><setSpec>com_10324_55920</setSpec><setSpec>com_10324_954</setSpec><setSpec>com_10324_894</setSpec><setSpec>col_10324_55921</setSpec></header><metadata><record xmlns="http://www.loc.gov/MARC21/slim" xmlns:doc="http://www.lyncode.com/xoai" xmlns:xsi="http://www.w3.org/2001/XMLSchema-instance" xmlns:dcterms="http://purl.org/dc/terms/" xsi:schemaLocation="http://www.loc.gov/MARC21/slim http://www.loc.gov/standards/marcxml/schema/MARC21slim.xsd">
<leader>00925njm 22002777a 4500</leader>
<datafield tag="042" ind1=" " ind2=" ">
<subfield code="a">dc</subfield>
</datafield>
<datafield tag="720" ind1=" " ind2=" ">
<subfield code="a">González, Raquel</subfield>
<subfield code="e">author</subfield>
</datafield>
<datafield tag="720" ind1=" " ind2=" ">
<subfield code="a">González García, María Rosa</subfield>
<subfield code="e">author</subfield>
</datafield>
<datafield tag="720" ind1=" " ind2=" ">
<subfield code="a">Martín Peña, Pedro</subfield>
<subfield code="e">author</subfield>
</datafield>
<datafield tag="260" ind1=" " ind2=" ">
<subfield code="c">2018</subfield>
</datafield>
<datafield tag="520" ind1=" " ind2=" ">
<subfield code="a">Exogenous ethephon and abscisic acid (ABA) treatments are used worldwide to improve the coloring of red table grapes, but there is little information about their impact on the quality of white grapes and wines. The aim of this work was to evaluate the effects of exogenous ethephon and ABA applications at veraison on the composition of ‘Verdejo’ white grapes, and on the quality of their wines. To attain this objective, a field trial was carried out in a ‘Verdejo’/110 Richter vineyard located in north-central Spain. Two levels of ethephon (0 and 1500 mg L−1) and ABA (0 and 800 mg L−1) were sprayed on clusters at veraison, in a factorial design for three consecutive seasons. Ethephon and ABA had additive effects, decreasing titratable acidity and increasing pH of the must, which could be exploited by accelerating the grape ripening process in cold-climate zones. Nevertheless, each growth regulator affected the composition and sensory analysis of the wines differently. Ethephon treatments produced wines with lower concentration of acids and better flavor quality than those made from untreated plants, while wines with ABA applications tended to have a higher ethanol concentration and poorer aroma quality than controls. The wines submitted to treatments with ethephon obtained the best overall evaluation in the sensory analysis throughout the trial.</subfield>
</datafield>
<datafield tag="024" ind2=" " ind1="8">
<subfield code="a">Scientia Agricola, 2018, Vol.75, Nº. 5, p.381-386</subfield>
</datafield>
<datafield tag="024" ind2=" " ind1="8">
<subfield code="a">1678-992X</subfield>
</datafield>
<datafield tag="024" ind2=" " ind1="8">
<subfield code="a">https://uvadoc.uva.es/handle/10324/55936</subfield>
</datafield>
<datafield tag="024" ind2=" " ind1="8">
<subfield code="a">10.1590/1678-992X-2017-0177</subfield>
</datafield>
<datafield tag="024" ind2=" " ind1="8">
<subfield code="a">381</subfield>
</datafield>
<datafield tag="024" ind2=" " ind1="8">
<subfield code="a">5</subfield>
</datafield>
<datafield tag="024" ind2=" " ind1="8">
<subfield code="a">386</subfield>
</datafield>
<datafield tag="024" ind2=" " ind1="8">
<subfield code="a">Scientia Agricola</subfield>
</datafield>
<datafield tag="024" ind2=" " ind1="8">
<subfield code="a">75</subfield>
</datafield>
<datafield tag="024" ind2=" " ind1="8">
<subfield code="a">1678-992X</subfield>
</datafield>
<datafield ind1=" " ind2=" " tag="653">
<subfield code="a">Uvas - Análisis</subfield>
</datafield>
<datafield ind1=" " ind2=" " tag="653">
<subfield code="a">Verdejo (Vino)</subfield>
</datafield>
<datafield ind1=" " ind2=" " tag="653">
<subfield code="a">Vinos y vinificación - Análisis</subfield>
</datafield>
<datafield ind1=" " ind2=" " tag="653">
<subfield code="a">Wine tasting</subfield>
</datafield>
<datafield ind1=" " ind2=" " tag="653">
<subfield code="a">Plantas - Reguladores del crecimiento</subfield>
</datafield>
<datafield ind1=" " ind2=" " tag="653">
<subfield code="a">Fruit - Ripening</subfield>
</datafield>
<datafield ind1=" " ind2=" " tag="653">
<subfield code="a">Vid - Cultivo</subfield>
</datafield>
<datafield tag="245" ind1="0" ind2="0">
<subfield code="a">Abscisic acid and ethephon treatments applied to ‘Verdejo’ white grapes affect the quality of wine in different ways</subfield>
</datafield>
</record></metadata></record></GetRecord></OAI-PMH>